| 000 | 00559nam a22001937a 4500 | ||
|---|---|---|---|
| 003 | OSt | ||
| 005 | 20251205025334.0 | ||
| 008 | 251205b |||||||| |||| 00| 0 eng d | ||
| 020 | _a978-971-93418-9-5. | ||
| 040 |
_aDWCL-Admin lib _cOC |
||
| 082 | _aFil. 941.25 R627e 2010 | ||
| 100 | _aGuerrero, Leon Ma. | ||
| 245 |
_a El Filibusterismo / _cLeon Ma. Guerrero |
||
| 260 |
_a [Manila] : _bGuerrero Pub. , Inc. , _cc2010 |
||
| 300 |
_axviii, 324 p. ; _c23 cm. |
||
| 650 | _a1. El Filibusterismo | ||
| 700 | _aRizal, Jose | ||
| 942 |
_2ddc _cBK - FIL _kFil. _n0 |
||
| 999 |
_c6915 _d6915 |
||